[Event "Preinscritos IRT Online"]
[Site "Chess.com INT"]
[Date "2020.12.26"]
[Round "3"]
[White "Escobar Chalen, Lauro Adrian"]
[Black "Bedon Palacios, Kevin David"]
[Result "1-0"]
[WhiteElo "2077"]
[BlackElo "1705"]
[PlyCount "61"]
[EventDate "2020.12.26"]
[EventType "swiss"]
[EventRounds "11"]
[EventCountry "ECU"]
[SourceTitle "CBM 200 Extra"]
[Source "ChessBase"]
[SourceDate "2021.03.31"]
[SourceVersion "1"]
[SourceVersionDate "2021.03.31"]
[SourceQuality "1"]

1. e4 e5 2. Nf3 Nc6 3. d4 exd4 4. Bb5 Nf6 5. e5 Nd5 6. c3 Be7 7. 0-0 0-0 8. cxd4 a6 9. Bc4 Nb6 10. Bb3 d6 11. h3 Bf5 12. Nc3 dxe5 13. dxe5 Bc5 14. Bg5 Qc8 15. Re1 h6 16. Bh4 a5 17. a3 a4 18. Ba2 Be6 19. Bb1 Bf5 20. Ne4 Bxe4 21. Bxe4 Qe6 22. Qc2 Be7 23. Bf5 Qd5 24. Rad1 Qc5 25. Qb1 Bxh4 26. Nxh4 Rad8 27. e6 fxe6 28. Bxe6+ Kh8 29. Ng6+ Kh7 30. Nxf8+ Kh8 31. Qh7# 1-0

[Event "Preinscritos IRT Online"]
[Site "Chess.com INT"]
[Date "2020.12.26"]
[Round "5"]
[White "Escobar Chalen, Lauro Adrian"]
[Black "Escobar Chalen, Ariana Estefania"]
[Result "1-0"]
[WhiteElo "2077"]
[BlackElo "1848"]
[PlyCount "25"]
[EventDate "2020.12.26"]
[EventType "swiss"]
[EventRounds "11"]
[EventCountry "ECU"]
[SourceTitle "CBM 200 Extra"]
[Source "ChessBase"]
[SourceDate "2021.03.31"]
[SourceVersion "1"]
[SourceVersionDate "2021.03.31"]
[SourceQuality "1"]

1. e4 e5 2. Nf3 Nc6 3. d4 exd4 4. Bb5 Bb4+ 5. Nbd2 Nge7 6. 0-0 0-0 7. Nb3 a6 8. Bc4 d5 9. exd5 Nxd5 10. Nbxd4 Nxd4 11. Qxd4 Nb6 12. Bxf7+ Rxf7 13. Qxd8+ 1-0

[Event "ECU Clasif2 U20"]
[Site "Chess.com INT"]
[Date "2020.12.18"]
[Round "2"]
[White "Escobar Chalen, Lauro Adrian"]
[Black "Penafiel Mendoza, Josselyne Stefania"]
[Result "0-1"]
[WhiteElo "2025"]
[BlackElo "1807"]
[PlyCount "84"]
[EventDate "2020.12.18"]
[EventType "swiss"]
[EventRounds "9"]
[EventCountry "ECU"]
[SourceTitle "EXT 2022"]
[Source "ChessBase"]
[SourceDate "2021.10.06"]
[SourceVersion "1"]
[SourceVersionDate "2021.10.06"]
[SourceQuality "1"]

1. e4 c5 2. Nf3 d6 3. d4 cxd4 4. Nxd4 Nf6 5. f3 a6 6. c4 Nbd7 7. Be3 Qc7 8. Nc3 e6 9. Be2 Be7 10. Qd2 0-0 11. 0-0 b6 12. Rac1 Bb7 13. Rfd1 Rfe8 14. Bf1 Rac8 15. Qf2 Qb8 16. b4 Bd8 17. b5 a5 18. Na4 Nc5 19. Nxc5 dxc5 20. Ne2 Bc7 21. g3 Rcd8 22. Bh3 Rxd1+ 23. Rxd1 Rd8 24. Qe1 Nd7 25. Bg5 Ne5 26. Kf2 Nd3+ 27. Rxd3 Rxd3 28. Qb1 Rd7 29. Nc3 h6 30. Be3 Qd8 31. f4 Rd3 32. Ne2 Bxe4 33. Qc1 Rd1 34. Qc3 Rd3 35. Qc1 Bg6 36. Bg2 Qf6 37. Bf3 e5 38. h4 exf4 39. Nxf4 Bxf4 40. Bxf4 Qc3 41. Qe1 Rxf3+ 42. Kg2 Qxe1 0-1

[Event "ECU Clasif2 U20"]
[Site "Chess.com INT"]
[Date "2020.12.18"]
[Round "4"]
[White "Esmeraldas Huachi, Anderson Yahir"]
[Black "Escobar Chalen, Lauro Adrian"]
[Result "1/2-1/2"]
[WhiteElo "2003"]
[BlackElo "2025"]
[PlyCount "150"]
[EventDate "2020.12.18"]
[EventType "swiss"]
[EventRounds "9"]
[EventCountry "ECU"]
[SourceTitle "EXT 2022"]
[Source "ChessBase"]
[SourceDate "2021.10.06"]
[SourceVersion "1"]
[SourceVersionDate "2021.10.06"]
[SourceQuality "1"]

1. d4 Nf6 2. c4 c5 3. d5 b5 4. cxb5 a6 5. bxa6 Bxa6 6. Nc3 d6 7. g3 g6 8. Bg2 Bg7 9. Nf3 0-0 10. 0-0 Nbd7 11. Rb1 Nb6 12. b3 Re8 13. a4 Rb8 14. Re1 e6 15. dxe6 Rxe6 16. Ng5 Re7 17. Bf4 Rd7 18. Nd5 Nbxd5 19. Bxd5 Nxd5 20. Qxd5 Bb7 21. Qd2 h6 22. Nf3 g5 23. Be3 Rc8 24. Red1 d5 25. Rbc1 d4 26. Qd3 Qf6 27. Bd2 Ba6 28. Rc4 Rb7 29. Qe4 Re7 30. Qd5 Bb7 31. Bxg5 hxg5 32. Qxg5 Qxg5 33. Nxg5 Rxe2 34. b4 cxb4 35. Rxb4 Bd5 36. Nh3 Bf8 37. Rbxd4 Be6 38. Nf4 Rec2 39. Rd8 Rc1 40. Rxc1 Rxc1+ 41. Kg2 Kg7 42. Nxe6+ fxe6 43. Rd2 Ra1 44. Re2 Kf6 45. Re4 Ra2 46. h4 Bc5 47. Rf4+ Kg6 48. g4 e5 49. Rf5 Bd4 50. Kg3 Rxa4 51. h5+ Kg7 52. f3 Ra2 53. Kh4 Rh2+ 54. Kg3 Rh1 55. Rg5+ Kf7 56. Rg6 Rg1+ 57. Kh2 Rf1 58. Kg2 Rg1+ 59. Kh2 Rf1 60. Kg2 Rf2+ 61. Kg3 Ra2 62. Rc6 Bf2+ 63. Kh3 Be3 64. Rc3 Bf4 65. g5 Bxg5 66. Kg4 Bf4 67. Kf5 Ra7 68. Rc6 Kg7 69. Rg6+ Kh7 70. Rc6 Rf7+ 71. Kg4 Rg7+ 72. Kh4 Rf7 73. Kg4 Rg7+ 74. Kh4 Bg5+ 75. Kg4 Bf4+ 1/2-1/2

[Event "South America School-ch"]
[Site "Aracaju"]
[Date "2014.12.07"]
[Round "4.3"]
[White "Escobar Chalen, Lauro Adrian"]
[Black "Corredor Castellanos, Camilo"]
[Result "0-1"]
[WhiteElo "1619"]
[BlackElo "1833"]
[PlyCount "64"]
[EventDate "2014.12.06"]
[EventType "team-swiss"]
[EventRounds "7"]
[EventCountry "BRA"]
[SourceTitle "EXT 2016"]
[Source "ChessBase"]
[SourceDate "2015.10.08"]
[SourceVersion "1"]
[SourceVersionDate "2015.10.08"]
[SourceQuality "1"]
[WhiteTeam "Ecuador"]
[BlackTeam "Colombia"]
[WhiteTeamCountry "ECU"]
[BlackTeamCountry "COL"]

1. e4 e5 2. Nf3 Nc6 3. Bb5 a6 4. Ba4 Nf6 5. 0-0 Be7 6. Re1 b5 7. Bb3 d6 8. c3 0-0 9. h3 Nb8 10. d4 Nbd7 11. Nbd2 Bb7 12. Bc2 Re8 13. Nf1 Bf8 14. Ng3 g6 15. b3 c5 16. Bb2 Rc8 17. Qd2 Qc7 18. Rac1 Qb8 19. Bb1 Qa8 20. d5 a5 21. Nh2 c4 22. b4 axb4 23. cxb4 Nb6 24. f4 Bh6 25. Ne2 Na4 26. g4 Qa7+ 27. Kf1 Nxb2 28. Qxb2 c3 29. Rxc3 Rxc3 30. Qxc3 Rc8 31. Qd3 exf4 32. Nf3 Nd7 0-1

[Event "South America School-ch"]
[Site "Aracaju"]
[Date "2014.12.06"]
[Round "1.3"]
[White "Escobar Chalen, Lauro Adrian"]
[Black "Bolanos, Fernando"]
[Result "1-0"]
[WhiteElo "1619"]
[BlackElo "1915"]
[PlyCount "42"]
[EventDate "2014.12.06"]
[EventType "team-swiss"]
[EventRounds "7"]
[EventCountry "BRA"]
[SourceTitle "EXT 2016"]
[Source "ChessBase"]
[SourceDate "2015.10.08"]
[SourceVersion "1"]
[SourceVersionDate "2015.10.08"]
[SourceQuality "1"]
[WhiteTeam "Ecuador"]
[BlackTeam "Bolivia"]
[WhiteTeamCountry "ECU"]
[BlackTeamCountry "BOL"]

1. e4 c5 2. Nf3 e6 3. c4 Nc6 4. Nc3 g6 5. d4 Bg7 6. d5 Nd4 7. Nxd4 Bxd4 8. Nb5 Qf6 9. f4 exd5 10. cxd5 Kf8 11. e5 Qb6 12. a4 a5 13. Ra3 Ne7 14. Rb3 c4 15. Bxc4 Bg1 16. Qe2 Qc5 17. Bd2 Nf5 18. Rc3 Bd4 19. Nxd4 Qxd4 20. g4 Ne7 21. f5 gxf5 1-0